[Event "SM-2018-0-00392"]
[Site "LSS email"]
[Date "2018.05.23"]
[Round "?"]
[White "Novak, Joze"]
[Black "Marciz, Alexander"]
[Result "1/2-1/2"]
[WhiteElo "2393"]
[BlackElo "2250"]
[PlyCount "106"]
[EventDate "2017.12.11"]
[EventType "tourn (corr)"]
[EventRounds "6"]
[EventCountry "GER"]
[SourceTitle "Corr 2022"]
[Source "ChessBase"]
[SourceDate "2021.10.24"]
[SourceVersion "1"]
[SourceVersionDate "2021.10.24"]
[SourceQuality "1"]

1. d4 d5 2. c4 c6 3. Nf3 Nf6 4. g3 dxc4 5. Bg2 g6 6. Qc2 b5 7. e4 Bg7 8. 0-0 0-0 9. a4 a5 10. axb5 cxb5 11. Nc3 b4 12. Na4 Ba6 13. Rd1 b3 14. Qe2 Nc6 15. Nc5 Bb5 16. e5 Nd5 17. Nxb3 Rb8 18. Nc5 c3 19. Qe4 Ncb4 20. Ne1 Qb6 21. Ra3 cxb2 22. Bxb2 Rfd8 23. Rda1 Nc6 24. Nf3 e6 25. Rb1 Bc4 26. Nd2 Bb5 27. Nf3 h6 28. h4 Nce7 29. Ba1 Nb4 30. Rc1 Bc6 31. Qf4 a4 32. Qd2 Nf5 33. h5 gxh5 34. Bh3 Bxf3 35. Rxf3 Bxe5 36. Bxf5 exf5 37. Rxf5 Bg7 38. d5 Qg6 39. Qf4 Bxa1 40. Rxa1 h4 41. Kg2 Rb5 42. Qxh4 Qxf5 43. Qxd8+ Kh7 44. Qd7 Qxd5+ 45. Qxd5 Nxd5 46. Nxa4 Ra5 47. Rd1 Nf4+ 48. gxf4 Rxa4 49. Kf3 Kg6 50. Rd5 Ra2 51. Kg3 Ra6 52. f3 Ra7 53. Kh2 Ra1 1/2-1/2

[Event "WC-2017-S-00001"]
[Site "LSS email"]
[Date "2017.05.17"]
[Round "?"]
[White "Frendzas, Panayotis"]
[Black "Novak, Joze"]
[Result "1-0"]
[WhiteElo "2537"]
[BlackElo "2389"]
[PlyCount "55"]
[EventDate "2017.06.01"]
[EventType "tourn (corr)"]
[EventRounds "12"]
[EventCountry "GER"]
[SourceTitle "Corr 2024"]
[Source "ChessBase"]
[SourceDate "2023.10.19"]
[SourceVersion "1"]
[SourceVersionDate "2023.10.19"]
[SourceQuality "1"]

1. e4 e6 2. d4 d5 3. Nc3 Bb4 4. e5 c5 5. a3 Bxc3+ 6. bxc3 Ne7 7. Qg4 0-0 8. Bd3 Nbc6 9. Bg5 Qa5 10. Ne2 Ng6 11. 0-0 Qa4 12. f4 c4 13. Bxg6 fxg6 14. f5 Rxf5 15. Rxf5 exf5 16. Qg3 Bd7 17. Nf4 Nd8 18. Bxd8 Rxd8 19. Nxd5 Be6 20. Nf4 Bf7 21. e6 Be8 22. h4 Qxc2 23. h5 gxh5 24. Rf1 Qe4 25. Re1 Qc6 26. Qg5 Qd6 27. Re5 h6 28. Qxf5 1-0

[Event "WC-2017-S-00001"]
[Site "LSS email"]
[Date "2017.05.17"]
[Round "?"]
[White "Novak, Joze"]
[Black "Frendzas, Panayotis"]
[Result "1/2-1/2"]
[WhiteElo "2389"]
[BlackElo "2537"]
[PlyCount "61"]
[EventDate "2017.06.01"]
[EventType "tourn (corr)"]
[EventRounds "12"]
[EventCountry "GER"]
[SourceTitle "Corr 2024"]
[Source "ChessBase"]
[SourceDate "2023.10.19"]
[SourceVersion "1"]
[SourceVersionDate "2023.10.19"]
[SourceQuality "1"]

1. c4 e6 2. Nc3 Nf6 3. e4 d5 4. e5 d4 5. exf6 dxc3 6. bxc3 Qxf6 7. d4 e5 8. Nf3 Nc6 9. Bg5 Qg6 10. d5 Nb8 11. h4 h6 12. h5 Qd6 13. Be3 Nd7 14. c5 Nxc5 15. Bb5+ Nd7 16. c4 Qf6 17. Qa4 Be7 18. Nd2 a6 19. c5 axb5 20. Qxa8 0-0 21. c6 bxc6 22. Qxc6 Qf5 23. Qxc7 Qd3 24. Rb1 b4 25. Qc4 Ba6 26. Qxd3 Bxd3 27. Rc1 Ra8 28. Nb3 Rxa2 29. Rc8+ Kh7 30. Rc7 Bf5 31. 0-0 1/2-1/2

[Event "WC-2017-S-00001"]
[Site "LSS email"]
[Date "2017.05.17"]
[Round "?"]
[White "Novak, Joze"]
[Black "Simmelink, Joop"]
[Result "1/2-1/2"]
[WhiteElo "2389"]
[BlackElo "2480"]
[PlyCount "55"]
[EventDate "2017.06.01"]
[EventType "tourn (corr)"]
[EventRounds "12"]
[EventCountry "GER"]
[SourceTitle "Corr 2024"]
[Source "ChessBase"]
[SourceDate "2023.10.19"]
[SourceVersion "1"]
[SourceVersionDate "2023.10.19"]
[SourceQuality "1"]

1. c4 c6 2. d4 d5 3. Nf3 Nf6 4. e3 e6 5. Bd3 Nbd7 6. b3 Bd6 7. Bb2 0-0 8. 0-0 b6 9. Nbd2 Bb7 10. Qe2 Qe7 11. Rad1 Rfe8 12. Ne5 c5 13. f4 cxd4 14. exd4 Rad8 15. Qe3 Nf8 16. Ndf3 N6d7 17. Ng5 f5 18. g4 h6 19. Ngf7 Nxe5 20. Nxh6+ gxh6 21. fxe5 Bxe5 22. Qxe5 Ng6 23. Qg3 f4 24. Qh3 Qg5 25. Rde1 e5 26. dxe5 Nxe5 27. Bxe5 Rxe5 28. Rxe5 1/2-1/2